000 00280nam a22001337a 4500
008 181012b xxu||||| |||| 00| 0 eng d
020 _a9780974832760
041 _aeng
080 _a610
100 _a4
101 _aSHM
245 _aACP Medicine
_cDale, D.C
942 _2udc
_cBK
999 _c49517
_d49517